[Event "2004 World Open: 5-Day"]
[Site "Philadelphia, PA"]
[Date "2004.07.02"]
[Round "3"]
[White "Ibragimov, Ildar"]
[Black "Kaufman, Lawrence"]
[Result "1/2-1/2"]
[WhiteElo "2617"]
[BlackElo "2331"]
[PlyCount "46"]
[EventDate "2004.??.??"]

1. c4 e6 2. Nf3 d5 3. d4 Nf6 4. e3 c5 5. a3 Nc6 6. dxc5 Bxc5 7. b4 Be7 8. Bb2
O-O 9. Nbd2 b6 10. cxd5 Nxd5 11. Qb3 Bf6 12. Bc4 Bxb2 13. Qxb2 Qf6 14. Qb1 Rd8
15. O-O Bb7 16. Ne4 Qe7 17. Qb2 Rac8 18. Rac1 Nf6 19. Nxf6+ Qxf6 20. Qxf6 gxf6
21. Be2 Kf8 22. Rfd1 Rxd1+ 23. Rxd1 Ne7 1/2-1/2

[Event "2004 World Open: 5-Day"]
[Site "Philadelphia, PA"]
[Date "2004.07.02"]
[Round "3"]
[White "Bercys, Salvijus"]
[Black "Gurevich, Dmitry"]
[Result "1/2-1/2"]
[WhiteElo "2306"]
[BlackElo "2559"]
[PlyCount "118"]
[EventDate "2004.??.??"]

1. d4 Nf6 2. c4 a6 3. Nc3 c5 4. Nf3 cxd4 5. Nxd4 d5 6. cxd5 Nxd5 7. Bd2 e5 8.
Nf3 Nxc3 9. Bxc3 Qxd1+ 10. Rxd1 f6 11. Nd2 Be6 12. a3 Nc6 13. e3 Be7 14. Bc4
Kf7 15. Bxe6+ Kxe6 16. Nc4 b5 17. Na5 Rhc8 18. Ke2 Nxa5 19. Bxa5 Rc4 20. Rc1
Rac8 21. Kd2 Rxc1 22. Rxc1 Rxc1 23. Kxc1 e4 24. Kc2 f5 25. h3 h5 26. Bc3 g5 27.
g3 Kd5 28. Bd2 Bd8 29. b3 g4 30. h4 Bb6 31. Be1 Bc5 32. Bb4 Bb6 33. Be1 a5 34.
Kb2 a4 35. Kc2 Ba7 36. Kb2 Bc5 37. Bb4 Bb6 38. Be1 Bd8 39. Kc2 Be7 40. Bb4 Bf6
41. Bc3 Bd8 42. Bd2 Bc7 43. Bc3 Bb8 44. Bd2 Ba7 45. Be1 Bb6 46. Kb2 f4 47. exf4
e3 48. fxe3 Bxe3 49. bxa4 bxa4 50. Kc2 Ke4 51. Kd1 Kf3 52. f5 Bc5 53. Bb4 Bd4
54. Be7 Kxg3 55. f6 Kh3 56. f7 Bg7 57. f8=Q Bxf8 58. Bxf8 Kxh4 59. Ke1 Kg3
1/2-1/2

[Event "2004 World Open: 5-Day"]
[Site "Philadelphia, PA"]
[Date "2004.07.02"]
[Round "3"]
[White "Boor*, Carl B"]
[Black "Sevillano, Enrico M"]
[Result "1-0"]
[WhiteElo "2243"]
[BlackElo "2534"]
[PlyCount "74"]
[EventDate "2004.??.??"]

1. d4 Nf6 2. c4 c5 3. d5 e6 4. Nc3 exd5 5. cxd5 d6 6. e4 g6 7. Bd3 Bg7 8. Nge2
O-O 9. O-O Re8 10. Ng3 a6 11. a4 Nbd7 12. f4 h5 13. e5 dxe5 14. f5 h4 15. Nge4
c4 16. Bc2 Nxe4 17. Bxe4 gxf5 18. Bxf5 Nf8 19. Ne4 Bxf5 20. Rxf5 Qb6+ 21. Kh1
Qg6 22. Qf3 Nh7 23. Be3 Rad8 24. d6 Re6 25. Rg1 Rd7 26. a5 Re8 27. Qh3 f6 28.
Qxh4 Rc8 29. Qh3 Rc6 30. Qf3 Qf7 31. h4 Kh8 32. h5 Rdxd6 33. Nxd6 Rxd6 34. Rxe5
Rd3 35. Qe4 Bf8 36. g4 Qd7 37. Re6 Qc7 1-0

[Event "2004 World Open: 5-Day"]
[Site "Philadelphia, PA"]
[Date "2004.07.02"]
[Round "3"]
[White "Shapiro, Daniel E"]
[Black "Fedorowicz, John P"]
[Result "0-1"]
[WhiteElo "2272"]
[BlackElo "2600"]
[PlyCount "70"]
[EventDate "2004.??.??"]

1. d4 Nf6 2. c4 g6 3. Nc3 d5 4. Nf3 Bg7 5. Qb3 dxc4 6. Qxc4 O-O 7. e4 Nc6 8.
Be2 Bg4 9. Be3 Bxf3 10. Bxf3 e5 11. d5 Nd4 12. Bd1 c6 13. dxc6 Rc8 14. a3 Rxc6
15. Qa2 Nd7 16. O-O Nc5 17. f3 Kh8 18. b4 Nce6 19. Ne2 f5 20. Qd5 Qe7 21. Nxd4
exd4 22. Bd2 Rd6 23. Qc4 fxe4 24. fxe4 d3 25. Rxf8+ Qxf8 26. Bc3 Rc6 27. Bxg7+
Qxg7 28. Qa2 Qd4+ 29. Kh1 d2 30. Rb1 Kg7 31. h3 Qf2 32. Qb2+ Kh6 33. Bf3 Ng5
34. Qh8 Rc1+ 35. Bd1 Rxb1 0-1

[Event "2004 World Open: 5-Day"]
[Site "Philadelphia, PA"]
[Date "2004.07.02"]
[Round "3"]
[White "Stancil, Kimani A"]
[Black "Goletiani, Rusudan"]
[Result "1-0"]
[WhiteElo "2154"]
[BlackElo "2370"]
[PlyCount "69"]
[EventDate "2004.??.??"]

1. e4 c5 2. Nf3 e6 3. d4 cxd4 4. Nxd4 a6 5. Bd3 Bc5 6. c3 Qb6 7. Nd2 Nc6 8. Nc4
Qa7 9. Nxc6 dxc6 10. O-O b5 11. Ne5 Qc7 12. Qh5 Bd6 13. f4 Nf6 14. Qg5 O-O 15.
Nf3 e5 16. Nxe5 Bxe5 17. fxe5 Ng4 18. Qf4 Nxe5 19. Qg3 Be6 20. Bf4 f6 21. Be2
Rad8 22. b3 Rd7 23. Rac1 Rfd8 24. Rc2 Bf7 25. Re1 Bg6 26. Bf1 Rd1 27. Rc1 Rxc1
28. Rxc1 Bxe4 29. Re1 Qb6+ 30. Be3 Qa5 31. Bd4 Bg6 32. Rxe5 fxe5 33. Qxe5 Rd7
34. Bc4+ Kh8 35. Bf7 1-0

[Event "2004 World Open: 5-Day"]
[Site "Philadelphia, PA"]
[Date "2004.07.02"]
[Round "3"]
[White "Stocek, Jiri"]
[Black "Hess, Robert"]
[Result "1-0"]
[WhiteElo "2593"]
[BlackElo "2252"]
[PlyCount "83"]
[EventDate "2004.??.??"]

1. e4 e5 2. Bc4 Nc6 3. Nc3 Nf6 4. d3 Bb4 5. Nf3 O-O 6. O-O Bxc3 7. bxc3 h6 8.
Re1 d6 9. h3 Na5 10. Bb3 Nxb3 11. axb3 Re8 12. Nh2 d5 13. exd5 Qxd5 14. Bb2 Bf5
15. c4 Qd6 16. Qf3 Bd7 17. Qxb7 Bc6 18. Qa6 Nh5 19. Ng4 f6 20. Qa3 Nf4 21. Qxd6
cxd6 22. Ne3 d5 23. cxd5 Nxd5 24. Ra6 Bb7 25. Nxd5 Bxa6 26. Nc7 Bb7 27. Nxe8
Rxe8 28. f3 Rc8 29. Rc1 Kf7 30. Kf2 Ke6 31. c4 Rc6 32. Ra1 Rb6 33. Ra3 Ra6 34.
Rxa6+ Bxa6 35. d4 Bb7 36. d5+ Kf5 37. g4+ Kg5 38. Ke3 Kh4 39. Ke4 Kxh3 40. b4
Bc8 41. b5 Bd7 42. Ba3 1-0

[Event "2004 World Open: 5-Day"]
[Site "Philadelphia, PA"]
[Date "2004.07.02"]
[Round "3"]
[White "Anderson, Renard W"]
[Black "Friedel, Joshua E"]
[Result "0-1"]
[WhiteElo "2250"]
[BlackElo "2483"]
[PlyCount "90"]
[EventDate "2004.??.??"]

1. e4 e5 2. Nf3 Nc6 3. Bb5 a6 4. Ba4 Nf6 5. O-O b5 6. Bb3 Bc5 7. c3 d6 8. a4
Rb8 9. axb5 axb5 10. d4 Bb6 11. h3 Bb7 12. Re1 O-O 13. Be3 exd4 14. cxd4 Nb4
15. d5 Bxe3 16. Rxe3 c5 17. Nc3 Re8 18. Qe2 c4 19. Bc2 Qb6 20. Rd1 Nh5 21. Bb1
Nf4 22. Qd2 Nfd3 23. Ne1 Ne5 24. Ne2 Na6 25. Qd4 Bc8 26. Qxb6 Rxb6 27. f4 Nd7
28. Nf3 Nac5 29. Kf2 Na4 30. b3 cxb3 31. Rxb3 Ndc5 32. Rb4 Na6 33. Rb3 N6c5 34.
Rb4 Na6 35. Rb3 b4 36. e5 N6c5 37. Re3 Ba6 38. Nfd4 Nb2 39. Rc1 Nbd3+ 40. Bxd3
Nxd3+ 41. Kg3 Nxc1 42. Nxc1 Bc4 43. e6 Bxd5 44. f5 fxe6 45. fxe6 Bxe6 0-1

[Event "2004 World Open: 5-Day"]
[Site "Philadelphia, PA"]
[Date "2004.07.02"]
[Round "3"]
[White "Zatonskih, Anna"]
[Black "Adams, Nicholas"]
[Result "1/2-1/2"]
[WhiteElo "2458"]
[BlackElo "2245"]
[PlyCount "33"]
[EventDate "2004.??.??"]

1. e4 c6 2. d4 d5 3. e5 c5 4. dxc5 Nc6 5. Nc3 e6 6. Nf3 Bxc5 7. Bd3 f6 8. exf6
Nxf6 9. O-O O-O 10. Na4 Bd6 11. c4 Kh8 12. Re1 d4 13. Ng5 e5 14. Nxh7 Bg4 15.
f3 Nxh7 16. fxg4 e4 17. Bxe4 1/2-1/2

[Event "2004 World Open: 5-Day"]
[Site "Philadelphia, PA"]
[Date "2004.07.02"]
[Round "3"]
[White "Kis, Lorand B"]
[Black "Tian, Tian"]
[Result "0-1"]
[WhiteElo "2249"]
[BlackElo "2440"]
[PlyCount "66"]
[EventDate "2004.??.??"]

1. d4 d5 2. c4 c6 3. Nf3 Nf6 4. e3 Bg4 5. Qb3 Qb6 6. Ne5 Be6 7. c5 Qc7 8. Qa4
g6 9. Nc3 Bg7 10. Bd2 O-O 11. b4 Nfd7 12. Nxd7 Nxd7 13. b5 Bf5 14. Be2 e5 15.
O-O Rfe8 16. Rfe1 Nf8 17. bxc6 bxc6 18. Ba6 exd4 19. exd4 Ne6 20. Ne2 Rab8 21.
Be3 g5 22. Rac1 Bg6 23. g4 Re7 24. Ng3 Rbe8 25. Red1 Nf4 26. Bf1 Be4 27. h3 Bg6
28. Rc3 Nxh3+ 29. Bxh3 Rxe3 30. Rxe3 Rxe3 31. Bg2 Re8 32. Nf5 Re4 33. Nxg7 Kxg7
0-1

[Event "2004 World Open: 5-Day"]
[Site "Philadelphia, pa"]
[Date "2004.07.03"]
[Round "4"]
[White "Fridman, Daniel"]
[Black "Rohde, Michael A"]
[Result "1-0"]
[WhiteElo "2622"]
[BlackElo "2490"]
[PlyCount "89"]
[EventDate "2004.??.??"]

1. d4 Nf6 2. Nf3 e6 3. c4 Bb4+ 4. Nbd2 d5 5. Qa4+ Nc6 6. a3 Bxd2+ 7. Bxd2 Ne4
8. Qc2 Nxd2 9. Qxd2 b6 10. Qc2 dxc4 11. Qxc4 Bb7 12. e3 O-O 13. Bd3 Ne7 14. Qc2
h6 15. Rd1 Rc8 16. b4 c5 17. dxc5 Qc7 18. Rc1 bxc5 19. bxc5 Qa5+ 20. Ke2 Rfd8
21. Qc3 Qc7 22. e4 Ng6 23. g3 f5 24. Bc4 Qc6 25. exf5 Qxf3+ 26. Qxf3 Bxf3+ 27.
Kxf3 Ne5+ 28. Ke2 Nxc4 29. Rxc4 exf5 30. Rd1 Re8+ 31. Kf3 Rc6 32. Rd5 Rf8 33.
h4 h5 34. Kf4 g6 35. Rd6 Rfc8 36. Rxc6 Rxc6 37. Ke5 Kf7 38. Kd5 Rc8 39. Ra4
Rd8+ 40. Kc6 Rc8+ 41. Kd6 Rd8+ 42. Kc7 Rd2 43. c6 Rxf2 44. Kb7 a5 45. Rc4 1-0

[Event "2004 World Open: 5-Day"]
[Site "Philadelphia, pa"]
[Date "2004.07.03"]
[Round "4"]
[White "Kaufman, Lawrence"]
[Black "Stripunsky, Alexander"]
[Result "0-1"]
[WhiteElo "2331"]
[BlackElo "2628"]
[PlyCount "120"]
[EventDate "2004.??.??"]

1. e4 c5 2. Nf3 e6 3. c3 Nf6 4. e5 Nd5 5. Bc4 Nb6 6. Bb3 d6 7. d4 cxd4 8. cxd4
dxe5 9. Nxe5 Nc6 10. Nf3 Be7 11. Nc3 Bf6 12. Be3 Na5 13. Bc2 Nac4 14. Qe2 Bd7
15. Be4 Nd6 16. Bd3 Bc6 17. O-O O-O 18. Ne5 Rc8 19. Rad1 Bd5 20. Bf4 Nf5 21.
Rfe1 Ne7 22. Ne4 Ng6 23. Bg3 Bh4 24. Nc5 Bxg3 25. hxg3 Nxe5 26. Qxe5 Nd7 27.
Qe3 Nxc5 28. dxc5 Qa5 29. Rc1 Qxa2 30. b4 a6 31. Qd4 Qa4 32. Re5 g6 33. Qh4 f6
34. Re3 Qc6 35. Rce1 Rce8 36. Qh6 Qc7 37. g4 Qg7 38. Qh2 e5 39. f4 Qd7 40. fxe5
Qxg4 41. Be4 Rxe5 42. Bxd5+ Rxd5 43. Re7 Qd4+ 44. R1e3 Rf7 45. R7e4 Qa1+ 46.
Re1 Rd1 47. Qh4 Kg7 48. Kh2 Rxe1 49. Rxe1 Qa4 50. Re4 a5 51. Qe1 axb4 52. Rxb4
Qc6 53. Qc3 Rc7 54. Rd4 b6 55. Qd2 Qxc5 56. Rd7+ Rxd7 57. Qxd7+ Kh6 58. Qf7
Qe5+ 59. g3 b5 60. Qf8+ Kg5 0-1

[Event "2004 World Open: 5-Day"]
[Site "Philadelphia, pa"]
[Date "2004.07.03"]
[Round "4"]
[White "Smith, Bryan G"]
[Black "Stocek, Jiri"]
[Result "0-1"]
[WhiteElo "2354"]
[BlackElo "2593"]
[PlyCount "106"]
[EventDate "2004.??.??"]

1. e4 c5 2. Nf3 d6 3. d4 cxd4 4. Nxd4 Nf6 5. Nc3 a6 6. Bc4 e6 7. Bb3 Be7 8. g4
h6 9. Qe2 Bd7 10. h4 Nc6 11. Nxc6 Bxc6 12. Bf4 b5 13. a3 a5 14. Nxb5 a4 15. Bc4
Rb8 16. O-O-O O-O 17. Nxd6 Qb6 18. c3 Nxe4 19. Nxe4 Bxe4 20. Bxb8 Rxb8 21. Bd3
Bf3 22. Qc2 Bxd1 23. Rxd1 Bxh4 24. f4 Be7 25. f5 exf5 26. Bxf5 g6 27. Bd7 Qe3+
28. Qd2 Qxd2+ 29. Kxd2 Rxb2+ 30. Kd3 Rg2 31. Kc4 Bxa3 32. Ra1 Bb2 33. Rxa4 Rg3
34. Ra7 Rxc3+ 35. Kd5 Re3 36. Ra8+ Kg7 37. Re8 Rd3+ 38. Kc6 Rd4 39. Bc8 Ba3 40.
Re5 Rc4+ 41. Kb7 Bd6 42. Re8 Kf6 43. Rd8 Bg3 44. Rf8 Rc7+ 45. Kb6 Kg5 46. Rh8
Bf4 47. Kb5 Rxc8 48. Rxc8 Kxg4 49. Kc4 h5 50. Kd3 Kf3 51. Rf8 h4 52. Rxf7 h3
53. Rh7 h2 0-1

[Event "2004 World Open: 5-Day"]
[Site "Philadelphia, pa"]
[Date "2004.07.03"]
[Round "4"]
[White "Kunte, Abhijit"]
[Black "Leverett, Bruce W"]
[Result "1-0"]
[WhiteElo "2582"]
[BlackElo "2337"]
[PlyCount "111"]
[EventDate "2004.??.??"]

1. e4 e5 2. Nf3 Nc6 3. Bb5 a6 4. Ba4 Nf6 5. O-O Nxe4 6. d4 b5 7. Bb3 d5 8. dxe5
Be6 9. Be3 Be7 10. c3 O-O 11. Bc2 f5 12. exf6 Bxf6 13. Nbd2 Nxd2 14. Qxd2 Ne5
15. Nxe5 Bxe5 16. f4 Bf6 17. f5 Bf7 18. Bc5 Re8 19. Rae1 Qd7 20. Qd3 Rxe1 21.
Rxe1 Re8 22. Re6 Be7 23. Bxe7 Bxe6 24. fxe6 Qxe6 25. Bh4 Qh6 26. Qxd5+ Kh8 27.
Bg5 Qb6+ 28. Qd4 Qxd4+ 29. cxd4 Re2 30. Bb3 Rxb2 31. Bd8 Rd2 32. Bxc7 Rxd4 33.
Kf2 h6 34. Ke3 Rd7 35. Ba5 Kh7 36. Bb4 Kg6 37. Ke4 Kf6 38. Bc3+ Kg5 39. Be5 a5
40. g3 a4 41. Be6 Rb7 42. Bd5 Ra7 43. a3 Kg6 44. Bd6 Ra6 45. Ke5 Kg5 46. h3 h5
47. Be4 Ra7 48. Ke6 Ra6 49. Kd5 Kf6 50. Bd3 Ra8 51. Bxb5 g5 52. Bc6 Ra5+ 53.
Bc5 Kf5 54. Kc4 h4 55. gxh4 gxh4 56. Bb7 1-0

[Event "2004 World Open: 5-Day"]
[Site "Philadelphia, pa"]
[Date "2004.07.03"]
[Round "4"]
[White "Sevillano, Enrico M"]
[Black "Stamnov, Aleksandar"]
[Result "1-0"]
[WhiteElo "2534"]
[BlackElo "2329"]
[PlyCount "95"]
[EventDate "2004.??.??"]

1. e4 e5 2. Nf3 Nf6 3. Nxe5 d6 4. Nf3 Nxe4 5. d3 Nf6 6. d4 d5 7. Bd3 Nc6 8. c3
Bg4 9. h3 Bh5 10. Bg5 Be7 11. Nbd2 O-O 12. O-O a6 13. Qc2 Bg6 14. Rfe1 Bxd3 15.
Qxd3 Nh5 16. Bxe7 Nxe7 17. g3 Nf6 18. Re2 Qd7 19. Rae1 Ng6 20. Kh2 Qa4 21. a3
Rfe8 22. Ne5 Rad8 23. f4 b6 24. f5 Nf8 25. g4 N6d7 26. Nxd7 Rxe2+ 27. Rxe2 Nxd7
28. g5 Nf8 29. Nf3 Qd7 30. Kg2 b5 31. Ne5 Qd6 32. Qf3 f6 33. gxf6 Qxf6 34. Ng4
Qg5 35. Kh2 c6 36. Ne5 Qf6 37. Qh5 a5 38. Rg2 Rc8 39. Kh1 c5 40. Ng4 Qe7 41. f6
Qe1+ 42. Kh2 g6 43. Qxd5+ Qe6 44. Nh6+ Kh8 45. Qxe6 Nxe6 46. Re2 Nf4 47. Re7
cxd4 48. Rg7 1-0

[Event "2004 World Open: 5-Day"]
[Site "Philadelphia, pa"]
[Date "2004.07.03"]
[Round "4"]
[White "Friedel, Joshua E"]
[Black "Rogers, Norman"]
[Result "0-1"]
[WhiteElo "2483"]
[BlackElo "2314"]
[PlyCount "68"]
[EventDate "2004.??.??"]

1. e4 c6 2. d4 g6 3. Nc3 d5 4. Nf3 Bg7 5. h3 Nf6 6. Bd3 dxe4 7. Nxe4 Nxe4 8.
Bxe4 Nd7 9. c3 O-O 10. O-O e5 11. Bg5 Qb6 12. d5 cxd5 13. Bxd5 Nf6 14. Bb3 h6
15. Be3 Qc7 16. g4 Bd7 17. Qe2 Nxg4 18. hxg4 Bxg4 19. Bd5 Rad8 20. Qb5 Rxd5 21.
Qxd5 Rd8 22. Qc5 Qxc5 23. Bxc5 Bxf3 24. Be3 f5 25. a4 a6 26. Rfe1 f4 27. Bb6
Rf8 28. Kf1 Rf5 29. Rec1 Bf8 30. b4 e4 31. b5 Bc5 32. Rd1 Rh5 33. Rd8+ Kf7 34.
Ke1 e3 0-1

[Event "2004 World Open: 5-Day"]
[Site "Philadelphia, pa"]
[Date "2004.07.03"]
[Round "4"]
[White "Cooke, Eric N"]
[Black "Sharavdorj, Dashze"]
[Result "0-1"]
[WhiteElo "2321"]
[BlackElo "2480"]
[PlyCount "126"]
[EventDate "2004.??.??"]

1. d4 Nf6 2. c4 g6 3. Nc3 Bg7 4. e4 d6 5. f3 O-O 6. Be3 c5 7. d5 e6 8. Qd2 exd5
9. cxd5 Re8 10. Nge2 a6 11. a4 Nbd7 12. Ng3 h5 13. Be2 h4 14. Nf1 Nh7 15. Qc2
Ne5 16. Nd2 g5 17. O-O Nf8 18. Rf2 Nfg6 19. g3 Rb8 20. Qd1 f5 21. exf5 Bxf5 22.
Nce4 Nf7 23. Qb3 Nge5 24. gxh4 gxh4 25. Kh1 Ng4 26. Rg2 Nxe3 27. Qxe3 Kh7 28.
Qf4 Re5 29. Bd3 Bh6 30. Ng5+ Bxg5 31. Bxf5+ Kh6 32. Qg4 Qf6 33. Be6 Bxd2 34.
Rxd2 Rg5 35. Qxh4+ Kg7 36. Qe4 Rh8 37. Bxf7 Kxf7 38. Re1 Re5 39. Qb1 Qxf3+ 40.
Rg2 Rxe1+ 41. Qxe1 Re8 42. Qf2 Re3 43. Kg1 Qxf2+ 44. Rxf2+ Kg7 45. Rd2 Kf6 46.
Kf2 Re4 47. b3 Ke5 48. Kf3 Rb4 49. Rd3 Rf4+ 50. Kg3 Ke4 51. Rd1 Rf3+ 52. Kg4
Rxb3 53. h4 Rb2 54. Kg5 Rh2 55. Rb1 b5 56. axb5 axb5 57. Rxb5 Kxd5 58. h5 Kd4
59. Kg6 d5 60. h6 c4 61. h7 c3 62. Rb8 c2 63. Rc8 Kd3 0-1

[Event "2004 World Open: 5-Day"]
[Site "Philadelphia, pa"]
[Date "2004.07.03"]
[Round "4"]
[White "Frankle, Jonathan"]
[Black "Milman, Lev"]
[Result "0-1"]
[WhiteElo "2294"]
[BlackElo "2472"]
[PlyCount "96"]
[EventDate "2004.??.??"]

1. e4 c5 2. c3 e6 3. d4 d5 4. e5 Nc6 5. Nf3 Nge7 6. Na3 cxd4 7. cxd4 Nf5 8. Nc2
Qb6 9. g4 Nfe7 10. h3 Bd7 11. a3 a5 12. Rb1 a4 13. Bd3 Na5 14. Qe2 Nec6 15. O-O
Na7 16. Rd1 Bb5 17. Be3 Rc8 18. Nfe1 Bc4 19. Bxc4 Rxc4 20. f4 Be7 21. Bf2 Nb3
22. Rd3 Kd7 23. Kg2 Rhc8 24. Qd1 Nb5 25. Ne3 Rc1 26. Rxc1 Rxc1 27. Qf3 Qc6 28.
f5 Ke8 29. fxe6 fxe6 30. g5 g6 31. Ng4 N5xd4 32. Nf6+ Kd8 33. Qf4 Rxe1 34. Rxd4
Nxd4 35. Qxd4 Rc1 36. Qa7 Kc7 37. Qa5+ Kb8 38. Qa7+ Kc7 39. Qa5+ b6 40. Qa7+
Qb7 41. Qxa4 Rc6 42. Qh4 Kc8 43. Nxh7 Rc2 44. Qa4 Qc6 45. Qxc6+ Rxc6 46. h4 Kd7
47. h5 gxh5 48. g6 Rc4 0-1

[Event "2004 World Open: 5-Day"]
[Site "Philadelphia, pa"]
[Date "2004.07.03"]
[Round "4"]
[White "Shivaji, Shivkumar"]
[Black "Adamson, Robby"]
[Result "1/2-1/2"]
[WhiteElo "2274"]
[BlackElo "2399"]
[PlyCount "38"]
[EventDate "2004.??.??"]

1. e4 c6 2. d4 d5 3. exd5 cxd5 4. c4 Nf6 5. Nc3 e6 6. Nf3 Bb4 7. cxd5 Nxd5 8.
Qc2 Nc6 9. Be2 O-O 10. O-O Be7 11. Rd1 Bd7 12. a3 Rc8 13. Bd3 g6 14. Bh6 Re8
15. Qe2 Nxc3 16. bxc3 Qa5 17. Bd2 Bf6 18. Rdb1 Qc7 19. Ng5 Bg7 1/2-1/2

[Event "2004 World Open: 5-Day"]
[Site "Philadelphia, pa"]
[Date "2004.07.03"]
[Round "4"]
[White "Pang, Noah"]
[Black "Zatonskih, Anna"]
[Result "0-1"]
[WhiteElo "1975"]
[BlackElo "2458"]
[PlyCount "53"]
[EventDate "2004.??.??"]

1. e4 d5 2. exd5 Qxd5 3. Nc3 Qa5 4. d4 c6 5. Nf3 Nf6 6. Bc4 Bg4 7. d5 b5 8. Bb3
b4 9. Ne2 Bxf3 10. gxf3 Nxd5 11. Bd2 e6 12. Be3 Be7 13. Nd4 O-O 14. Qe2 Nxe3
15. Qxe3 c5 16. Nxe6 fxe6 17. Rd1 Qb6 18. Qxe6+ Kh8 19. Qxe7 Nc6 20. Qh4 Nd4
21. Bd5 Rae8+ 22. Kf1 Qa6+ 23. Kg2 Qg6+ 24. Qg3 Qh5 25. Be4 Ne2 26. Qd6 Nf4+
27. Kf1 0-1

[Event "2004 World Open: 5-Day"]
[Site "Philadelphia, pa"]
[Date "2004.07.03"]
[Round "4"]
[White "Goletiani, Rusudan"]
[Black "Battsetseg, Tsagaan"]
[Result "1-0"]
[WhiteElo "2370"]
[BlackElo "2224"]
[PlyCount "65"]
[EventDate "2004.??.??"]

1. Nf3 g6 2. g3 Bg7 3. Bg2 c5 4. e4 Nc6 5. d3 d6 6. O-O Nf6 7. c3 O-O 8. Qe2 b5
9. e5 dxe5 10. Nxe5 Nxe5 11. Bxa8 Bg4 12. Qxe5 Qxa8 13. f3 Bh3 14. Re1 Qxf3 15.
Qe2 Qc6 16. Nd2 b4 17. Qf3 Qd7 18. Ne4 bxc3 19. bxc3 Bg4 20. Qf2 Nxe4 21. Rxe4
Bf5 22. Rc4 Qxd3 23. Rxc5 Rd8 24. Bb2 Bh3 25. Re1 Bh6 26. Rxe7 Qb1+ 27. Re1
Qxa2 28. c4 Qa6 29. Rd5 Rxd5 30. cxd5 Bf8 31. Qd4 Qb6 32. Qxb6 axb6 33. Re8 1-0

[Event "2004 World Open: 5-Day"]
[Site "Philadelphia, pa"]
[Date "2004.07.03"]
[Round "4"]
[White "Treger, Yefim"]
[Black "Bartholomew, John"]
[Result "0-1"]
[WhiteElo "2213"]
[BlackElo "2347"]
[PlyCount "120"]
[EventDate "2004.??.??"]

1. e4 d5 2. exd5 Qxd5 3. Nc3 Qa5 4. b4 Qxb4 5. Nb5 Qa5 6. Qh5 Nc6 7. Bc4 e6 8.
a4 a6 9. Ra2 Nf6 10. Qg5 Rb8 11. c3 Qb6 12. Na3 Qc5 13. h4 h6 14. Qxc5 Bxc5 15.
d4 Bd6 16. Bd3 O-O 17. Nc4 e5 18. Nxd6 cxd6 19. Ba3 Rd8 20. Ne2 Be6 21. Rb2 Na5
22. Bb4 Nc4 23. Bxc4 Bxc4 24. Rh3 Nd5 25. a5 Bxe2 26. Kxe2 Nf4+ 27. Ke3 Nxh3
28. gxh3 Rbc8 29. f4 exf4+ 30. Kxf4 Rc7 31. Re2 Kf8 32. Rd2 Re7 33. c4 Ke8 34.
h5 Re6 35. Rg2 g6 36. d5 Rf6+ 37. Ke3 g5 38. h4 gxh4 39. Rh2 Kd7 40. Rxh4 Re8+
41. Kd4 Rf5 42. c5 Ree5 43. cxd6 Rxd5+ 44. Kc3 Rxh5 45. Rc4 Rxd6 46. Bxd6 Kxd6
47. Rf4 Ke6 48. Kb4 Rb5+ 49. Ka4 h5 50. Re4+ Kf5 51. Re7 Kg6 52. Re4 f5 53. Re8
f4 54. Rg8+ Kf5 55. Rg7 f3 56. Rg8 Kf4 57. Rg7 f2 58. Rf7+ Rf5 59. Rxb7 f1=Q
60. Rb4+ Kg5 0-1

[Event "2004 World Open: 5-Day"]
[Site "Philadelphia, pa"]
[Date "2004.07.03"]
[Round "4"]
[White "Gulamali, Kazim"]
[Black "Karklins, Andrew"]
[Result "0-1"]
[WhiteElo "2215"]
[BlackElo "2334"]
[PlyCount "46"]
[EventDate "2004.??.??"]

1. e4 e5 2. Nf3 Nc6 3. Bb5 a6 4. Ba4 Nf6 5. d3 d6 6. c3 g6 7. O-O Bg7 8. d4 O-O
9. Re1 Bd7 10. Bg5 h6 11. Bh4 Qe8 12. Bb3 Nh5 13. Na3 Bg4 14. d5 Ne7 15. Nc4 g5
16. Ne3 Bxf3 17. Qxf3 f5 18. exf5 gxh4 19. Qg4 Kh8 20. Qxh4 Nxf5 21. Qb4 Nxe3
22. Rxe3 Nf4 23. Rae1 Qg6 0-1

[Event "2004 World Open: 5-Day"]
[Site "Philadelphia, pa"]
[Date "2004.07.03"]
[Round "4"]
[White "Hook, William E"]
[Black "Dougherty, Michael"]
[Result "0-1"]
[WhiteElo "2200"]
[BlackElo "2320"]
[PlyCount "90"]
[EventDate "2004.??.??"]

1. d4 g6 2. c4 Bg7 3. Nc3 d6 4. e4 e5 5. d5 f5 6. Bd3 Nf6 7. f3 O-O 8. Be3 c6
9. Nge2 b5 10. dxc6 b4 11. Nd5 Nxc6 12. c5 Be6 13. Bb5 Rc8 14. cxd6 Bxd5 15.
exd5 Na5 16. d7 Nxd7 17. Qa4 Nf6 18. Rd1 Nc4 19. Bxc4 Rxc4 20. Bxa7 Rf7 21. Qb3
Qc8 22. Bf2 Rd7 23. d6 Kh8 24. O-O Bf8 25. Rc1 Rxc1 26. Rxc1 Qa6 27. Qe6 Rxd6
28. Qxe5 Re6 29. Qb8 Re8 30. Qc7 Qxe2 31. Bd4 Bg7 32. Qb6 Qe6 33. Qxb4 Qxa2 34.
Qb5 Qe6 35. h3 Nh5 36. Bxg7+ Kxg7 37. Rc7+ Re7 38. Rxe7+ Qxe7 39. g4 Qe1+ 40.
Kg2 Qg3+ 41. Kf1 Qxf3+ 42. Ke1 fxg4 43. Qd7+ Kh6 44. hxg4 Nf4 45. Kd2 Nd5 0-1

[Event "2004 World Open: 5-Day"]
[Site "Philadelphia, pa"]
[Date "2004.07.03"]
[Round "4"]
[White "Schneider, Igor"]
[Black "Chubinsky, Peter M"]
[Result "1-0"]
[WhiteElo "2310"]
[BlackElo "2100"]
[PlyCount "89"]
[EventDate "2004.??.??"]

1. e4 c5 2. Nf3 e6 3. Nc3 a6 4. g3 Nc6 5. Bg2 Qc7 6. O-O d6 7. d4 cxd4 8. Nxd4
Bd7 9. Be3 Nf6 10. Nxc6 Bxc6 11. a4 Be7 12. a5 Nd7 13. f4 O-O 14. Na4 Bxa4 15.
Rxa4 Rac8 16. c4 Rfe8 17. b3 Nc5 18. Ra2 Nd7 19. Qd2 h6 20. g4 Nc5 21. Qd1 Qd8
22. b4 Nd7 23. Qd3 d5 24. c5 Nf6 25. e5 Nxg4 26. Bd4 h5 27. f5 Bh4 28. fxe6
Rxe6 29. Qf5 Nh6 30. Qxh5 Rg6 31. Kh1 Bg5 32. Bh3 Rc7 33. e6 Rxe6 34. Bxe6 fxe6
35. Rg2 Rf7 36. Rxf7 Nxf7 37. Qg6 e5 38. Bxe5 Nxe5 39. Qxg5 Qxg5 40. Rxg5 Nc6
41. Rxd5 Nxb4 42. Rd8+ Kh7 43. Rd7 Nc6 44. Rxb7 Nxa5 45. Rb6 1-0

[Event "2004 World Open: 5-Day"]
[Site "Philadelphia, pa"]
[Date "2004.07.03"]
[Round "4"]
[White "Rouleau, John"]
[Black "Mucerino, Joseph J"]
[Result "1-0"]
[WhiteElo "2298"]
[BlackElo "1998"]
[PlyCount "55"]
[EventDate "2004.??.??"]

1. e4 d5 2. exd5 Nf6 3. Nf3 Nxd5 4. d4 Bf5 5. Bd3 Bg6 6. O-O e6 7. c4 Nb6 8.
Re1 Be7 9. Bxg6 hxg6 10. Nc3 Kf8 11. Qe2 N8d7 12. Bf4 c6 13. Rad1 Bf6 14. Ne4
Nc8 15. Rd3 Qa5 16. Nfg5 Rh5 17. Rf3 Bxg5 18. Nxg5 Nf6 19. Nxf7 Kxf7 20. Qxe6+
Kf8 21. Bd2 Qd8 22. Bb4+ c5 23. Bxc5+ Rxc5 24. dxc5 Ne7 25. g4 Nc6 26. Rh3 Ne7
27. Rh8+ Nfg8 28. Re3 1-0

[Event "2004 World Open: 5-Day"]
[Site "Philadelphia, pa"]
[Date "2004.07.03"]
[Round "4"]
[White "Karell, Leif K"]
[Black "Shapiro, Daniel E"]
[Result "0-1"]
[WhiteElo "2006"]
[BlackElo "2272"]
[PlyCount "81"]
[EventDate "2004.??.??"]

1. e4 c5 2. Nf3 e6 3. d4 cxd4 4. Nxd4 a6 5. Bd3 g6 6. O-O Bg7 7. Be3 Ne7 8. Nc3
O-O 9. Qd2 d5 10. f4 Nbc6 11. e5 f6 12. exf6 Bxf6 13. Nxc6 bxc6 14. Bc5 Rf7 15.
Rae1 Qa5 16. Qe3 Rb8 17. Nd1 Qxa2 18. c3 Qa5 19. b4 Qc7 20. Kh1 a5 21. bxa5
Qxa5 22. Bd4 Bxd4 23. cxd4 c5 24. Qe5 Nc6 25. Qg5 Qd8 26. Qg3 Qf6 27. Nf2 c4
28. Ng4 Qg7 29. Bc2 Rb2 30. Ba4 Ne7 31. Ne5 Nf5 32. Qg5 Ra7 33. Bd1 Raa2 34.
Bf3 Qe7 35. Qxe7 Nxe7 36. Ng4 Ra3 37. Ra1 Rc3 38. Ra8 Rcb3 39. Nf6+ Kh8 40.
Bxd5 exd5 41. Nxd5 0-1

[Event "2004 World Open: 5-Day"]
[Site "Philadelphia, pa"]
[Date "2004.07.03"]
[Round "4"]
[White "Rubenchik, Rodion"]
[Black "Spigel, David E"]
[Result "1-0"]
[WhiteElo "2409"]
[BlackElo "1911"]
[PlyCount "49"]
[EventDate "2004.??.??"]

1. Nf3 Nf6 2. c4 e6 3. Nc3 c5 4. g3 b6 5. Bg2 Bb7 6. O-O Be7 7. Re1 O-O 8. e4
d6 9. d4 cxd4 10. Nxd4 Qc8 11. Be3 a6 12. Rc1 Nbd7 13. f4 Rd8 14. f5 Nf8 15.
fxe6 fxe6 16. Bh3 Rb8 17. Nd5 Nxd5 18. cxd5 Qd7 19. Nxe6 Rdc8 20. Qh5 Qe8 21.
Rxc8 Qxh5 22. Rxb8 Qxh3 23. Rf1 h5 24. Rfxf8+ Kh7 25. Rh8+ 1-0